000 nam a22 7a 4500
999 _c7520
_d7520
008 170920b xxu||||| |||| 00| 0 eng d
020 _a0716660040
100 _aWorld Book
_94045
245 _aDiscovery Science
250 _aVolume 8
260 _aWales
_bWorld Book House
_c1987